Statistics for people who -think they- hate statistics

Salvato in:
Dettagli Bibliografici
Autore principale: Salkind, Neil J (Autore)
Natura: Libro
Lingua:inglese
Pubblicazione: Los Angeles SAGE 2014
Edizione:5a. ed
Soggetti:
Tags: Aggiungi Tag
Nessun Tag, puoi essere il primo ad aggiungerne!!

MARC

LEADER 00000cam a2200000 a 4500
001 UCD4803
003 CL-VaPUC
008 160722e20140000us |||||||||||||||||eng|d
020 |a 9781452277714 
082 0 4 |a 519.5  |b SAL  |2 21 
100 0 |a Salkind, Neil J  |e author  |9 588527 
245 1 0 |a Statistics for people who -think they- hate statistics 
250 |a 5a. ed 
300 |a 483 p 
942 |c BK 
945 |d 20160722 23:21:00  |a dcastane 
260 |a Los Angeles  |b SAGE  |c 2014 
650 0 |a Estadística matemática  |9 260028 
650 0 |a Probabilidades   |9 260199 
650 0 |a Gráficos   |9 351109 
583 |a last modification  |c 20160805 09:25:31  |k Rodrigo Vera 
999 |c 365635  |d 365633 
952 |0 0  |1 0  |3 erb  |4 0  |6 519_500000000000000_SAL_2014  |7 0  |8 A  |9 479522  |a BIBGIM  |b BIBGIM  |i 5298679  |o 519.5 SAL 2014  |p 5298679  |r 2025-01-15  |w 2019-11-24  |y BK  |z Catalogado en:20160722  |k SSL 
952 |0 0  |1 0  |3 erb  |4 0  |6 519_500000000000000_SAL_2014  |7 0  |8 A  |9 479523  |a BIBGIM  |b BIBGIM  |i 5298660  |o 519.5 SAL 2014  |p 5298660  |r 2025-01-15  |w 2019-11-24  |y BK  |z Catalogado en:20160722  |k SSL 
952 |0 0  |1 0  |3 erb  |4 0  |6 519_500000000000000_SAL_2014  |7 0  |8 A  |9 479524  |a BIBGIM  |b BIBGIM  |i 5298652  |o 519.5 SAL 2014  |p 5298652  |r 2025-01-15  |w 2019-11-24  |y BK  |z Catalogado en:20160722  |k SSL 
952 |0 0  |1 0  |3 erb  |4 0  |6 519_500000000000000_SAL_2014  |7 0  |8 A  |9 479525  |a BIBGIM  |b BIBGIM  |i 5298644  |o 519.5 SAL 2014  |p 5298644  |r 2025-01-15  |w 2019-11-24  |y BK  |z Catalogado en:20160722  |k SSL 
952 |0 0  |1 0  |3 erb  |4 0  |6 519_500000000000000_SAL_2014  |7 0  |8 A  |9 479526  |a BIBGIM  |b BIBGIM  |i 5298636  |o 519.5 SAL 2014  |p 5298636  |r 2025-01-15  |w 2019-11-24  |y BK  |z Catalogado en:20160722  |k SSL 
952 |0 0  |1 0  |3 erb  |4 0  |6 519_500000000000000_SAL_2014  |7 0  |8 A  |9 479527  |a BIBGIM  |b BIBGIM  |i 5435099  |o 519.5 SAL 2014  |p 5435099  |r 2025-01-15  |w 2019-11-24  |y BK  |z Catalogado en:20171117  |k SSL 
952 |0 0  |1 0  |3 erb  |4 0  |6 519_500000000000000_SAL_2014  |7 0  |8 A  |9 479528  |a BIBGIM  |b BIBGIM  |i 5435102  |o 519.5 SAL 2014  |p 5435102  |r 2025-01-15  |w 2019-11-24  |y BK  |z Catalogado en:20171117  |k SSL 
952 |0 0  |1 0  |3 erb  |4 0  |6 519_500000000000000_SAL_2014  |7 0  |8 A  |9 479529  |a BIBGIM  |b BIBGIM  |i 5435110  |o 519.5 SAL 2014  |p 5435110  |r 2025-01-15  |w 2019-11-24  |y BK  |z Catalogado en:20171117  |k SSL 
952 |0 0  |1 0  |3 erb  |4 0  |6 519_500000000000000_SAL_2014  |7 0  |8 A  |9 479530  |a BIBGIM  |b BIBGIM  |i 5435129  |o 519.5 SAL 2014  |p 5435129  |r 2025-01-15  |w 2019-11-24  |y BK  |z Catalogado en:20171117  |k SSL 
952 |0 0  |1 0  |3 erb  |4 0  |6 519_500000000000000_SAL_2014  |7 0  |8 A  |9 479531  |a BIBGIM  |b BIBGIM  |i 5435137  |o 519.5 SAL 2014  |p 5435137  |r 2025-01-15  |w 2019-11-24  |y BK  |z Catalogado en:20171117  |k SSL